| 000 | 00925nam a22002891i 4500 | ||
|---|---|---|---|
| 003 | OSt | ||
| 005 | 20210216170915.0 | ||
| 008 | 210216r20122018my o|||gr|||| 000 0 eng d | ||
| 020 |
_a9789830653754 _cRM 40.00 _qhardback |
||
| 040 |
_aPPAK _beng _cPPAK _erda |
||
| 082 | 0 | 4 |
_a297.57 _223 |
| 090 | 0 | 0 |
_a297.57 _bNOR _dG |
| 100 | 0 |
_aNorhafsah Hamid, _d1973- _eauthor. |
|
| 245 | 1 | 0 |
_aTRYING TO BE MUSLIM / _cNORHAFSAH HAMID |
| 250 | _aRevised Limited Edition | ||
| 264 | 1 |
_aKuala Lumpur, Malaysia : _bA.S. Noordeen, _c2018 |
|
| 264 | 4 | _c©2012 | |
| 300 |
_ax, 162 pages : _bcolour photographs ; _c22 cm |
||
| 336 |
_atext _2rdacontent |
||
| 336 |
_astill image _2rdacontent |
||
| 337 |
_aunmediated _2rdamedia |
||
| 338 |
_avolume _2rdacarrier |
||
| 500 | _aContains verses from the Qur'an and quotes from the Hadith. | ||
| 650 | 1 | 0 |
_aMuslims _xConduct of life |
| 650 | 2 | 0 |
_aIslam _xCustoms and practices. |
| 942 |
_2ddc _cB |
||
| 999 |
_c182068 _d182068 |
||